On This Day: September 3rd II Quiz Stats

 Plays Quiz Updated Sep 3, 2018

Score 0/7 Timer 03:00
0 Plays Today
Question Answer Wrong Answers
This nation conducts its sixth and most powerful nuclear test to date.
2017
North Korea
90.7%
Pakistan
6.9%
United Kingdom
0.8%
Canada
0.4%
The Allied invasion of ______ begins when troops make amphibious landings in Calabria.
1943
Italy
87.9%
Poland
4.7%
Japan
2.3%
Germany
4.6%
The United States and ______, together responsible for 40% of the world’s carbon emissions, both formally join the Paris global climate agreement.
2016
China
86.3%
Brazil
1.4%
India
6.1%
Mexico
5.3%
The first official game of polo is played in this country, after it was introduced by British ranchers and become popular among gauchos.
1875
Argentina
81.8%
Spain
11.3%
Costa Rica
2.7%
Cuba
3.9%
Dagen H, typically called ‘Högertrafikomläggningen’ today, takes place in this country, and all traffic shifts from driving on the left to driving on the right overnight.
1967
Sweden
73.8%
France
2.9%
Switzerland
20.3%
Greece
2.2%
Yevgeniy Abalakov becomes the first man to reach Communism Peak, the highest point in the Soviet Union. Today, it is called Ismoil Somoni Peak and located in ______.
1933
Tajikistan
63%
Afghanistan
13.7%
Mongolia
16.5%
Moldova
6.4%
Confederate General Leonidas Polk invades neutral ______, prompting the state legislature to ask for Union assistance.
1861
Kentucky
58.4%
Texas
16.6%
Florida
13.7%
Oregon
11.1%

You're not logged in!

Compare scores with friends on all Sporcle quizzes.
OR
Log In

Sporcle TV

Today on Sporcle TV


Watch our educational content, quiz creation guides, and fun videos on Sporcle TV.

Show Comments

Extras

Top Quizzes Today


Score Distribution

Your Account Isn't Verified!

In order to create a playlist on Sporcle, you need to verify the email address you used during registration. Go to your Sporcle Settings to finish the process.

Report this User

Report this user for behavior that violates our Community Guidelines.

Details: